Letters from a farmer in Pennsylvania to the inhabitants of the British colonies.

Bibliographic Details
Main Author: Dickinson, John, 1732-1808
Format: eBook
Language:English
Series:Early American imprints. Evans (1639-1800) ; no. 10878.
Subjects:
Online Access:Evans Digital Edition

MARC

Tag First Indicator Second Indicator Subfields
LEADER 00000cam a2200000 a 4500
001 in00002139496
006 m e d #
007 cr mn mmmmabba
008 830908r1768 nyu s 000 0 eng d
005 20260331150716.7
035 |z w031740 
035 |a MAAR8309083905B 
035 |9 mwa91-50156 
035 |a 317229 
035 |a aas03031740 
040 |a MWA  |c MWA  |e bdrb  |d UtOrBLW 
100 1 |a Dickinson, John,  |d 1732-1808. 
245 1 0 |a Letters from a farmer in Pennsylvania to the inhabitants of the British colonies. 
264 3 |a New-York :  |b Re-printed by John Holt, near the Exchange,  |c 1768. 
300 |a 118 pages, 2 unnumbered pages ;  |c 19 cm. (duodecimo) 
336 |a text  |b txt  |2 rdacontent 
337 |a computer  |b c  |2 rdamedia 
338 |a online resource  |b cr  |2 rdacarrier 
500 |a Letters signed: A farmer. Attributed to John Dickinson in the Dictionary of American biography. 
510 4 |a Evans  |c 10878 
510 4 |a Adams, T.R. Amer. pamphlets,  |c 54e 
530 |a Microform version available in the Readex Early American Imprints series. 
533 |a Electronic text and image data.  |b [Chester, Vt. :  |c Readex, a division of Newsbank, Inc.,  |d 2002-2004.  |e Includes files in TIFF, GIF and PDF formats with inclusion of keyword searchable text.  |f (Early American imprints. First series ; no. 10878). 
500 |a Electronic resource. 
651 0 |a Great Britain  |x Colonies  |z America. 
651 0 |a United States  |x History  |y Revolution, 1775-1783  |x Causes. 
752 |a United States  |b New York  |d New York. 
830 0 |a Early American imprints.  |n Series I,  |p Evans (1639-1800) ;  |v no. 10878. 
856 4 1 |u http://proxy.library.tamu.edu/login?url=https://opac.newsbank.com/select/evans/10878  |y Evans Digital Edition  |t 0 
999 |a MARS 
999 f f |s 2fb0c02e-290c-3185-848c-cbc54b858c65  |i 9919fbb1-1d3b-3a14-b69b-7b1ae95b1f78  |t 0 
952 f f |a Texas A&M University  |b College Station  |c Electronic Resources  |s www_evans  |d Available Online  |t 0  |h No information provided 
998 f f |t 0  |l Available Online